| 000 | 01107pam a2200349 a 4500 | ||
|---|---|---|---|
| 008 | 890119s1998 mauaf b 001 0 eng | ||
| 010 | _a 89002816 | ||
| 020 | _a9780316831093 | ||
| 020 | _a9780316831307 | ||
| 040 |
_aDLC _cDLC _dDLC |
||
| 043 | _an-us--- | ||
| 050 | 0 | 0 |
_aE184.O6 _bT35 1998 |
| 082 | 0 | 0 |
_a973/.0495 _219 |
| 092 | 0 | 4 |
_a973.0495 _bT1363 1998 _221 |
| 099 |
_a04 _a973.0495 T1363 1998 |
||
| 100 | 1 |
_aTakaki, Ronald T., _d1939-2009. |
|
| 245 | 1 | 0 |
_aStrangers from a different shore : _ba history of Asian Americans / _cRonald Takaki. |
| 250 | _a1st ed. | ||
| 250 | _aupdated and rev. ed. | ||
| 260 |
_aBoston : _bLittle, Brown, _cc1998. |
||
| 300 |
_aix, 570 p., [16] p. of plates : _bill. ; _c24 cm. |
||
| 500 | _aAmerican Window. | ||
| 500 | _aIncludes bibliographical references. | ||
| 500 | _aMaps on lining papers. | ||
| 650 | 0 |
_aAsian Americans _xHistory. |
|
| 650 | 0 |
_aAsian Americans _xSocial conditions. |
|
| 902 | _a1 | ||
| 905 |
_aEman _eRev. |
||
| 905 |
_aJihan _eCat. |
||
| 942 |
_2ddc _cBK |
||
| 999 |
_c119122 _d119122 |
||